000 00696nam a2200229 i 4500
001 7428
003 ES-MaACL
005 20230906145231.0
007 t|
008 901228s1990 sp |||| |dspa d
020 _a84-7223-130-5
080 _a7.036(44)
080 _a92:7"1900/1930"
100 1 _aKliürer, Billy.
_9148052
245 1 3 _aEl París de Kiki
_b: artistas y amantes 1900-1930 /
_cBilly Klüver y Julie Martin.
260 _aBarcelona :
_bTusquets,
_c1990.
300 _a263 p. :
_bil., fot. ;
_c30 cm.
650 4 _aArtistas-
_zParís.
_9148051
651 4 _aParís-
_xVida intelectual-
_yS.XX.
_99214
700 1 _aMartin, Julie.
_977334
852 _aES-MaACL
_jL-14701
_z. - tela
999 _c7428
_d7428